[Event "FIDE WCC 2018"]
[Site "Khanty-Mansiysk"]
[Date "2018.11.11"]
[Round "3.5"]
[White "Kosteniuk, Alexandra"]
[Black "Harika, Dronavalli"]
[Result "1-0"]
[WhiteElo "2543"]
[BlackElo "2498"]
[Annotator "TA"]
[PlyCount "129"]
[EventDate "2018.11.03"]
[EventType "k.o."]
[EventCountry "RUS"]
[SourceTitle "playchess.com"]
[Source "ChessBase"]
[SourceQuality "1"]

{[%evp 11,129,20,23,0,3,0,0,0,2,0,0,0,0,-14,-12,-12,-12,-16,-13,-13,-17,-17,-16,-12,-25,-14,0,0,0,-4,0,-64,-63,-60,-68,-88,-61,-50,0,0,0,-88,0,0,0,0,18,11,18,19,63,64,101,100,115,104,95,98,112,112,108,101,131,114,141,136,113,122,258,257,266,314,316,252,249,145,1005,580,580,578,576,267,5570,5539,5089,5089,29967,29968,29967,29968,29968,29970,29970,29971,29971,29972,29972,29973,29972,29974,29976,29975,29975,29976,29976,29977,29977,29978,29978,29979,29979,29979,29979,29979,29979,29980,29995,29996,29997,29998]} 1. e4 e6 2. d4 d5 3. Nd2 c5 4. exd5 exd5 5. Ngf3 Nf6 6. Bb5+ Bd7 7. Be2 {C08: French Tarrasch: 3...c5 4 exd5 exd5 sidelines} (7. Bxd7+ Nbxd7 8. O-O Be7 9. dxc5 Nxc5 10. Nd4 O-O 11. Nf5 Re8 12. Nxe7+ Qxe7 13. Nb3 Nce4 14. Nd4 Qc7 15. c3 h6 16. f3 Nd6 17. Bf4 Nh5 18. Bxd6 Qxd6 19. Qd2 {½-½ (73) Vallejo Pons,F (2707)-Savchenko,B (2566) Riadh 2017}) 7... Nc6 8. O-O Be7 9. dxc5 {The position is equal.} Bxc5 10. Nb3 Bb6 11. Bg5 h6 $146 ({Predecessor:} 11... O-O 12. Nbd4 Bg4 13. c3 Re8 14. Qd3 {½-½ (14) Winsnes,R (2402)-Svenn,G (2288) Sweden 2014}) 12. Bh4 O-O (12... g5 $5 13. Bg3 $8 O-O $11) 13. c3 Re8 14. Re1 Bg4 (14... g5 $5 15. Bg3 $8 a6 $11) 15. h3 {Black must now prevent Bxf6.} Bxf3 16. Bxf3 {Black should prevent Rxe8+.} g5 17. Rxe8+ Qxe8 18. Bg3 Ne4 19. Bxe4 $1 dxe4 20. Qg4 e3 $36 {[%mdl 2048] Black has good play.} 21. f4 (21. Qf5 $11) 21... Qe4 $15 22. Re1 Re8 23. Nc1 Ne7 ({Don't play} 23... f5 $6 24. Qh5 $11) 24. Ne2 Qf5 25. Qf3 Ng6 26. Rf1 (26. Qh5 $11) 26... gxf4 (26... Rd8 $1 $17 {[%cal Rd8d2] Hoping for ...Rd2.} 27. fxg5 Qxf3 28. Rxf3 Rd1+ 29. Kh2 hxg5) 27. Bxf4 $11 Nxf4 28. Qxf4 Qxf4 29. Rxf4 $17 {[%mdl 4096] Endgame KRB-KRN} Re5 30. Kf1 Rb5 31. b3 Rd5 {[%cal Rd5d1]} 32. Nd4 Rc5 33. c4 Ra5 34. a4 Bxd4 35. Rxd4 $16 {KR-KR} Rf5+ 36. Ke2 {And now Rd7 would win.} Rf2+ 37. Kxe3 Rb2 {[#]} 38. Rd3 $1 Rxg2 39. Kf4 Kf8 (39... Kg7 $16 {was called for.}) 40. Rd7 $18 b6 41. Rxa7 Rb2 {[#]} 42. Rb7 $1 Rxb3 {[#]} 43. a5 $1 {[%mdl 512]} Rb4 $2 {[%mdl 8192]} (43... Rxh3 $16 44. axb6 Rh4+ 45. Ke5 Rxc4) (43... bxa5 44. Rxb3) 44. axb6 Rxc4+ 45. Ke5 Rb4 46. Kd6 (46. Kd5 $142 Rb3 47. Kc6) 46... Kg7 $2 (46... Rb3 47. Kc7 Rc3+ 48. Kd6 Rb3) 47. Kc5 Rb3 48. Rd7 Rxh3 49. Rd4 {White mates.} Rc3+ 50. Rc4 ({Weaker is} 50. Kb4 Rc8 $18) 50... Rb3 51. Rb4 Rc3+ 52. Kb5 Rc8 53. b7 Rb8 54. Kc6 Kg6 55. Kc7 Rxb7+ 56. Kxb7 {KR-KPP} Kg5 57. Kc6 h5 58. Kd5 f5 59. Kd4 Kf4 60. Kd3+ Kg3 61. Ke2 h4 62. Rb8 h3 63. Rg8+ Kh2 64. Kf2 f4 65. Rh8 {Precision: White = 76%, Black = 51%.} 1-0

[Event "FIDE WCC 2018"]
[Site "Khanty-Mansiysk"]
[Date "2018.11.11"]
[Round "3.6"]
[White "Lagno, Kateryna"]
[Black "Pogonina, Natalija"]
[Result "1-0"]
[WhiteElo "2556"]
[BlackElo "2465"]
[Annotator "TA"]
[PlyCount "105"]
[EventDate "2018.11.03"]
[EventType "k.o."]
[EventCountry "RUS"]
[SourceTitle "playchess.com"]
[Source "ChessBase"]
[SourceQuality "1"]

{[%evp 17,105,0,1,-25,17,0,0,-1,0,-14,-9,-8,0,0,0,0,0,0,0,-16,4,0,17,5,27,28,29,29,31,0,0,0,0,0,0,0,2,0,0,0,17,0,33,0,1,0,2,0,7,0,0,0,0,0,0,0,0,0,95,95,103,111,102,118,122,122,188,90,138,97,122,90,97,67,480,226,200,200,225,225,214,214,214,214,214,212,425,214,12841,12842]} 1. e4 e5 2. Nf3 Nc6 3. Nc3 Nf6 4. Be2 d5 5. exd5 Nxd5 6. O-O Nxc3 7. bxc3 Bd6 {C47: Scotch Four Knights and Four Knights with 4 g3} (7... e4 8. Ne1 Bd6 9. f3 f5 10. fxe4 fxe4 11. Rb1 Qe7 12. d4 exd3 13. cxd3 Bd7 14. Rxb7 O-O-O 15. Rb2 {1-0 (29) Van Foreest,J (2629)-Giri,A (2752) Amstelveen 2017}) 8. d4 O-O 9. Re1 h6 {LiveBook: 10 Games. The position is equal.} 10. h3 Bf5 11. Rb1 Rb8 $146 ({Predecessor:} 11... exd4 12. cxd4 b6 13. Bd3 Qf6 14. Bb2 Bxd3 15. Qxd3 {1-0 (28) Westerberg,J (2468)-Rostgaard,T (2327) Vaxjo 2017}) 12. Be3 exd4 13. Nxd4 Nxd4 14. cxd4 Qf6 15. Bd3 Bxd3 16. Qxd3 b6 17. Re2 Rbd8 {[%cal Bb8d8,Bd8d5,Bd5a5][%mdl 32]} 18. Qa6 Bf4 19. c3 Rd5 20. Bxf4 Qxf4 21. Qxa7 Ra5 22. Qb7 Rfa8 23. Rbb2 Qc1+ 24. Kh2 Qxc3 25. Rbc2 Qxd4 26. Qxc7 b5 27. Rcd2 Qf6 28. g3 Ra3 29. h4 Rf3 30. Qc5 Rf5 31. Qe3 b4 32. Qe4 Rb8 33. Rc2 g6 34. Kg2 h5 35. Rc6 Qd8 36. Rc4 Qd6 37. Rd4 Qf6 (37... Qb6 $11 {keeps the balance.}) 38. Rxb4 $16 Rxb4 39. Qxb4 {[%mdl 4096] Endgame KQR-KQR} Qc6+ 40. Qe4 Qa6 41. a4 Ra5 (41... Qf6 $16 42. Qc4 Kg7) 42. Ra2 (42. Rb2 $18 {has better winning chances.} Qa8 43. Qxa8+ Rxa8 44. Ra2) 42... Qa7 43. Qe8+ Kg7 44. Qc6 Kh7 45. Rd2 {Black must now prevent Rd7.} Kg7 $2 {[%mdl 8192]} (45... Ra6 $1 $14 46. Rd7 Qxf2+ 47. Kxf2 Rxc6) 46. Rd7 (46. Qc3+ $142 f6 47. Qc6) 46... Qa8 $18 {[#]} 47. Qxa8 $1 Rxa8 {KR-KR} 48. Rd4 Ra5 49. Kf3 Kf6 50. Ke3 Ke6 51. Kd3 Rf5 $2 {[#]} (51... Ra8 {was necessary.} 52. Kc3 Ke5) 52. Rf4 (52. Kc4 $142) 52... Re5 $2 (52... Rc5 53. Rc4 Rf5) 53. Re4 {Precision: White = 42%, Black = 48%.} 1-0

[Event "FIDE WCC 2018"]
[Site "Khanty-Mansiysk"]
[Date "2018.11.11"]
[Round "3.6"]
[White "Harika, Dronavalli"]
[Black "Kosteniuk, Alexandra"]
[Result "1/2-1/2"]
[WhiteElo "2498"]
[BlackElo "2543"]
[Annotator "TA"]
[PlyCount "121"]
[EventDate "2018.11.03"]
[EventType "k.o."]
[EventCountry "RUS"]
[SourceTitle "playchess.com"]
[Source "ChessBase"]
[SourceQuality "1"]

{[%evp 13,121,4,10,21,12,2,4,10,18,25,15,20,22,20,38,0,0,0,15,-16,-16,-19,-12,-12,-15,-73,-63,-50,-64,-98,-89,-103,-99,-101,-47,-77,-54,-59,-67,-65,-66,-136,-65,-90,-78,-93,0,-63,-50,-116,-118,-136,-64,-64,-68,-64,-65,-65,-8,-66,-10,-55,-44,-62,-56,-53,-43,-53,-54,-57,-57,-68,-38,-38,-38,-43,-48,-42,-41,-54,-58,-44,-42,-50,-40,-40,0,-56,-31,-27,-15,-63,-28,-41,-44,-52,-40,-48,-8,-8,-8,-10,-8,-88,-88,-88,-88,-88,-8,-8]} 1. d4 Nf6 2. c4 e6 3. g3 d5 {[%cal Bd7d5,Bd5c4,Bc4c3][%mdl 32]} 4. Bg2 dxc4 5. Nf3 a6 6. O-O Nc6 7. Nbd2 {E04: Open Catalan: 5 Nf3} b5 {LiveBook: 4 Games} 8. b3 c3 9. Nb1 $1 b4 {...Rb8 is the strong threat.} 10. a3 {Black should prevent Ne5.} Rb8 $146 {White must now prevent ...a5.} ({Predecessor:} 10... Bb7 11. axb4 Bxb4 12. Ne5 Nd5 13. Nxc6 Bxc6 14. Qc2 O-O {½-½ (140) Vidit,S (2711)-L'Ami,E (2639) Batumi 2018}) 11. axb4 Bxb4 12. Qd3 O-O 13. Nxc3 e5 {[%cal Rc6d4]} 14. d5 Bxc3 $1 15. Qxc3 Qxd5 16. Nd2 Nd4 17. Qxc7 Nxe2+ 18. Kh1 Qb5 {With the idea ...Be6.} 19. Ba3 {[#]} (19. Bb2 $11 {remains equal.}) 19... Re8 $1 $17 20. Nc4 Bb7 {Hoping for ...Bxg2+.} 21. f3 {next Nd6 is good for White.} Nd5 ({Much weaker is} 21... Qxb3 $6 22. Nd6 $11) 22. Qc5 {[#]} Nd4 $1 {[%cal Rd4b3]} ({Of course not} 22... Qxb3 $6 23. Rfb1 $14) 23. Qxb5 Nxb5 (23... axb5 $17 24. Nd6 Red8) 24. Bc5 Ndc3 25. Rfe1 f6 26. Kg1 Red8 27. b4 (27. Rac1 $15) 27... Rd3 (27... Nd4 $17 {Strongly threatening ...Nc2.} 28. Rf1 Nc2) 28. Nb2 Rd2 29. Nc4 Rd3 (29... Rdd8 $17 30. f4 Bxg2 31. Kxg2 exf4 32. Rxa6 fxg3 33. hxg3 Rd3) 30. Re3 (30. Nb2 $1 $11 Rdd8 31. Nd1) 30... Rbd8 31. Rae1 (31. Rxd3 $15 Rxd3 32. Bf1) 31... Rxe3 32. Bxe3 Rd1 (32... Nd4 $17 33. f4 Bd5 34. Bxd4 exd4) 33. Rxd1 $15 Nxd1 34. Bc5 Kf7 35. Nd2 Nd4 (35... g6 $15) 36. Bf1 ({White should try} 36. Bxd4 $1 $11 exd4 37. Nb3) 36... Nb2 (36... Ne6 $15) 37. f4 (37. Bxd4 $5 exd4 38. Nc4 Nxc4 39. Bxc4+ Ke7 40. Kf2 $11) 37... Ne6 38. Bd6 exf4 39. gxf4 Ke8 40. b5 axb5 41. Bxb5+ Kd8 42. Kf1 Nc7 43. Be2 Nd5 44. Kf2 Nc3 45. Bf1 Nbd1+ 46. Ke1 Ne3 47. Bd3 Kd7 48. Bb8 Kc8 49. Bd6 Kd7 50. Bf8 (50. Bb8 $11) 50... Ng2+ 51. Kf2 Nxf4 52. Bxh7 Ne6 53. Bf5 {[#]} g6 $1 {[%mdl 512]} 54. Bh3 (54. Bxg6 Nxf8) 54... f5 (54... Ba6 {is interesting.} 55. Ba3 f5 56. Bg2 Nd1+ 57. Kg3 f4+) 55. Bh6 Ne4+ (55... Bc6 {feels hotter.} 56. Bf1 Kd6 57. h4 Bb5 58. Bh3 Ke7) 56. Nxe4 Bxe4 57. Ke3 Ke7 {aiming for ...Kf6.} 58. Kf2 (58. Bf1 $11) 58... g5 $17 59. Bf1 Kf6 60. Bc4 Kg6 ({Better is} 60... Ng7 $17 61. Bxg7+ Kxg7) 61. Bxe6 {Precision: White = 47%, Black = 45%.} 1/2-1/2

[Event "FIDE WCC 2018"]
[Site "Khanty-Mansiysk"]
[Date "2018.11.11"]
[Round "3.6"]
[White "Pogonina, Natalija"]
[Black "Lagno, Kateryna"]
[Result "1/2-1/2"]
[WhiteElo "2465"]
[BlackElo "2556"]
[Annotator "TA RC"]
[PlyCount "100"]
[EventDate "2018.11.03"]
[EventType "k.o."]
[EventCountry "RUS"]
[SourceTitle "playchess.com"]
[Source "ChessBase"]
[SourceQuality "1"]

{[%evp 17,100,0,0,0,0,0,14,0,0,-16,-14,-10,18,18,5,0,0,0,21,0,0,0,0,0,0,0,0,0,0,0,0,0,0,0,0,0,0,-10,0,0,0,0,0,0,13,-12,-12,-16,-22,-26,53,-32,-39,-44,-49,-68,-30,-32,-32,-126,-118,-146,-45,-45,-45,-45,-45,-45,-45,-45,-39,-39,-39,-39,-39,-39,-22,-22,0,0,0,0,0,0,0]} 1. d4 Nf6 2. c4 g6 3. g3 Bg7 4. Bg2 c6 5. Nf3 d5 6. Qa4 O-O 7. O-O Nbd7 8. cxd5 {D78: Fianchetto Grünfeld: 6 0-0 c6} Nb6 9. Qb3 Qxd5 {LiveBook: 3 Games} 10. Qb4 Qd6 11. Qa5 Nbd5 12. Nc3 Bf5 13. a3 $146 ({Predecessor:} 13. Ne5 Rfd8 14. Nxd5 cxd5 15. Bf4 Qb6 16. Qxb6 axb6 {1-0 (57) Movsesian,S (2659)-Inarkiev,E (2668) Minsk 2015}) 13... Ne4 14. Nxd5 cxd5 15. Bf4 Qd8 16. Qb5 Qd7 17. Qb3 Rfc8 18. Rac1 Be6 19. Rfd1 Rxc1 20. Rxc1 Rc8 21. Rxc8+ Qxc8 22. Qa4 a6 23. h4 h6 24. Ne5 g5 25. hxg5 hxg5 26. Be3 Bf6 27. Nd3 Kg7 28. Qb3 Qd7 29. Qc2 Bf5 30. Qc1 Qe6 31. Ne1 (31. g4 {keeps more tension.} Bg6 32. Bf3 Qd6 33. b4 b6 34. Qc8) 31... Qc8 32. Qxc8 Bxc8 33. Nd3 Bf5 (33... Bd7 $11) 34. Nb4 (34. Bxe4 $1 $14 dxe4 35. Nc5) 34... e6 $15 35. Nd3 Nd6 36. Nc5 Nb5 37. Nxb7 Nxd4 38. Kf1 {[#]} (38. Nd6 $15 Kg6 39. Nxf5 Nxf5 40. Bb6) 38... Nb3 $1 $17 {And now ...d4 would win.} 39. Nd6 {[#]} d4 ({Black should play} 39... Kg6 $1 $17 {White must now prevent ...d4.} 40. Nxf5 Kxf5) 40. Nxf5+ $15 exf5 41. Bd5 dxe3 42. Bxb3 Bxb2 {[%mdl 4096] Endgame KB-KB} 43. a4 exf2 44. Kxf2 Kf6 45. e3 a5 46. Kf3 Ke7 47. e4 {The position is equal.} g4+ 48. Kf4 fxe4 49. Kxe4 f6 50. Kf4 Kd6 {Precision: White = 59%, Black = 56%.} 1/2-1/2

[Event "FIDE WCC 2018"]
[Site "Khanty-Mansiysk"]
[Date "2018.11.11"]
[Round "3.7"]
[White "Lagno, Kateryna"]
[Black "Pogonina, Natalija"]
[Result "1-0"]
[WhiteElo "2556"]
[BlackElo "2465"]
[Annotator "TA"]
[PlyCount "105"]
[EventDate "2018.11.03"]
[EventType "k.o."]
[EventCountry "RUS"]
[SourceTitle "playchess.com"]
[Source "ChessBase"]
[SourceQuality "1"]

{[%evp 17,105,4,10,-34,16,1,18,-14,0,-14,-14,-25,0,0,0,-4,0,-5,0,-24,6,0,8,19,40,40,40,46,37,0,0,0,0,0,0,0,0,0,0,0,11,0,32,4,5,0,3,0,0,0,0,0,0,0,0,0,0,0,72,79,122,122,124,124,124,131,154,83,135,83,128,82,131,126,527,204,204,162,180,162,162,162,202,186,199,195,242,138,6218,6181]} 1. e4 e5 2. Nf3 Nc6 3. Nc3 Nf6 4. Be2 d5 5. exd5 Nxd5 6. O-O Nxc3 7. bxc3 Bd6 {C47: Scotch Four Knights and Four Knights with 4 g3} (7... e4 8. Ne1 Bd6 9. f3 f5 10. fxe4 fxe4 11. Rb1 Qe7 12. d4 exd3 13. cxd3 Bd7 14. Rxb7 O-O-O 15. Rb2 {1-0 (29) Van Foreest,J (2629)-Giri,A (2752) Amstelveen 2017}) 8. d4 O-O 9. Re1 h6 {LiveBook: 10 Games. The position is equal.} 10. h3 Bf5 11. Rb1 Rb8 $146 ({Predecessor:} 11... exd4 12. cxd4 b6 13. Bd3 Qf6 14. Bb2 Bxd3 15. Qxd3 {1-0 (28) Westerberg,J (2468)-Rostgaard,T (2327) Vaxjo 2017}) 12. Be3 exd4 13. Nxd4 Nxd4 14. cxd4 Qf6 15. Bd3 Bxd3 16. Qxd3 b6 17. Re2 Rbd8 {[%cal Bb8d8,Bd8d5,Bd5a5][%mdl 32]} 18. Qa6 Bf4 19. c3 Rd5 20. Bxf4 Qxf4 21. Qxa7 Ra5 22. Qb7 Rfa8 23. Rbb2 Qc1+ 24. Kh2 Qxc3 25. Rbc2 Qxd4 26. Qxc7 b5 27. Rcd2 Qf6 28. g3 Ra3 29. h4 Rf3 30. Qc5 Rf5 31. Qe3 b4 32. Qe4 Rb8 33. Rc2 g6 34. Kg2 h5 35. Rc6 Qd8 36. Rc4 Qd6 37. Rd4 Qf6 (37... Qb6 $11 {keeps the balance.}) 38. Rxb4 $16 Rxb4 39. Qxb4 {[%mdl 4096] Endgame KQR-KQR} Qc6+ 40. Qe4 Qa6 41. a4 Ra5 42. Ra2 (42. Rb2 $142 Qa8 43. Qxa8+ Rxa8 44. Ra2) 42... Qa7 ({Better is} 42... Kh7) 43. Qe8+ (43. Rd2 $142) 43... Kg7 44. Qc6 Kh7 45. Rd2 $36 {[%mdl 2048] Hoping for Rd7. Keeping Black busy.} Kg7 $2 {[%mdl 8192]} (45... Rf5 $16 {is more resistant.} 46. Qe4 Qb6) 46. Rd7 $2 (46. Qc3+ f6 47. Qc6) 46... Qa8 $18 {[#]} 47. Qxa8 $1 Rxa8 {KR-KR} 48. Rd4 Ra5 49. Kf3 Kf6 50. Ke3 Ke6 51. Kd3 Rf5 52. Rf4 ({White should try} 52. Re4+ $18 Kd7 53. Rf4) 52... Re5 $2 {[%mdl 8192] [#]} (52... Rc5 $16 53. Rb4 Rf5) 53. Re4 {Precision: White = 42%, Black = 38%.} 1-0

[Event "FIDE WCC 2018"]
[Site "Khanty-Mansiysk"]
[Date "2018.11.11"]
[Round "3.8"]
[White "Pogonina, Natalija"]
[Black "Lagno, Kateryna"]
[Result "1-0"]
[WhiteElo "2465"]
[BlackElo "2556"]
[Annotator "TA"]
[PlyCount "133"]
[EventDate "2018.11.03"]
[EventType "k.o."]
[EventCountry "RUS"]
[SourceTitle "playchess.com"]
[Source "ChessBase"]
[SourceQuality "1"]

{[%evp 19,133,68,65,12,22,39,27,20,9,20,24,19,22,-24,-19,-16,53,60,57,63,59,63,56,69,72,4,284,283,283,283,268,266,268,178,156,141,153,147,547,104,91,84,106,71,2168,10,16,14,9,0,15,15,18,10,122,114,142,46,522,293,279,162,292,284,485,350,6070,659,425,8,19,0,29993,256,1743,1605,1529,541,541,450,1168,410,330,152,1247,1260,1186,1247,29990,29981,29981,29982,29979,0,1231,0,1232,16,1216,782,29981,1232,29985,0,1213,1155,1105,943,435,14,20,16,29996,29997,29997,29997]} 1. d4 Nf6 2. c4 g6 3. g3 c6 4. Bg2 d5 5. Qa4 Bg7 6. cxd5 Nxd5 7. Nf3 O-O 8. O-O Nd7 9. e4 N5b6 10. Qc2 e5 {LiveBook: 7 Games} 11. dxe5 {A11: English Opening: 1...c6} (11. a4 $14) (11. Be3 exd4 12. Bxd4 Qe7 13. Bxg7 Kxg7 14. Nbd2 Qc5 15. Qb1 Ne5 16. b4 Nxf3+ 17. Nxf3 Qe7 18. Qb2+ Kg8 {1-0 (71) Plat,V (2560)-Abdulla,M (2260) Newcastle 2018}) 11... Nxe5 12. Nxe5 Bxe5 13. Bh6 {White has an edge.} Re8 14. Nc3 Qe7 15. Rad1 $146 ({Predecessor:} 15. Kh1 Nc4 16. Rae1 Qb4 17. Bc1 Bg7 18. f4 f5 19. e5 Be6 20. Rd1 Rad8 21. a3 Qb6 22. Na4 Qb5 23. Nc3 Qb6 24. Na4 Qb5 25. Nc3 Qb6 {½-½ (25) Aabling Thomsen,J (2341)-Thybo,J (2278) Denmark 2016}) 15... Be6 16. f4 {[%cal Bf2f4,Bf4f5][%mdl 32]} Qc5+ 17. Kh1 Bd4 (17... Bxc3 $11 18. bxc3 Bc4) 18. f5 $1 $14 {[%cal Rf5e6]} Bc4 19. b4 Qe5 20. Ne2 $1 Bxe2 21. Qxe2 Rad8 22. Qf3 (22. a4 $16) 22... gxf5 $2 {[%mdl 8192]} (22... Qe7 $11) 23. Qh5 $18 ({Less strong is} 23. exf5 Kh8 $16) (23. Qxf5 Qxf5 24. Rxf5 Bc3 $14) 23... f6 24. Rxf5 Qe7 25. Rf4 $1 {[%cal Rf4g4]} Kh8 26. Rg4 Rg8 27. Rxg8+ Kxg8 28. e5 {Black must now prevent Qg4+.} Qe6 $2 {[%mdl 8192]} (28... Kh8 $16 {is more resistant.}) 29. exf6 $2 (29. Qh4 $18) 29... Bxf6 $16 30. Rf1 Nd5 31. h4 $40 {[%mdl 128] White has strong attack.} Re8 $2 {[%mdl 8192] [#]} (31... a6 $16) 32. Bg5 $2 (32. Rxf6 $1 $18 {[%mdl 512]} Qe1+ (32... Nxf6 33. Qg5+) 33. Rf1) 32... Bxg5 $11 33. Qxg5+ Kh8 34. Kh2 Rg8 35. Qd2 Qe5 36. Rf3 Re8 (36... Nf6 $11) 37. Qf2 $16 Rg8 38. Rf5 (38. a3 $16) 38... Qg7 $2 {[%mdl 8192]} ({Better is} 38... Qe3 $14) 39. Bxd5 cxd5 40. Rxd5 $18 {[%mdl 4096] Endgame KQR-KQR} (40. Rf7 $142 Qe5 41. Rxb7) 40... a6 (40... Rf8 $142 41. Qxa7 Qb2+ 42. Kh3 Qxb4) 41. Rf5 Qe7 $2 (41... b5 42. Rf7 Qe5) 42. h5 {h6 is the strong threat.} Qxb4 $2 (42... h6 43. Rf7 Qe5) 43. Rf7 (43. Rc5 $142 Qxc5 44. Qxc5) 43... Qc3 44. Rxb7 $2 (44. h6 $18 Qe5 45. Qf3) 44... Qe5 $1 $11 45. Qf3 {And now Rb6 would win.} Rd8 $2 {[%mdl 8192]} (45... Rxg3 $11 46. Qxg3 Qxh5+ 47. Qh3 Qe2+ 48. Qg2 Qh5+ 49. Kg1 Qd1+ 50. Qf1 Qg4+ 51. Kh2 Qh5+ 52. Kg3 Qg5+ 53. Kh2 Qe5+ 54. Kg2 Qg5+ 55. Kh2 Qh4+ 56. Kg2 (56. Qh3 Qf2+ 57. Kh1 Qe1+ 58. Kh2 Qf2+ 59. Kh1 Qe1+ 60. Kg2 Qe2+ 61. Kg3 Qe3+ 62. Kh2 Qe5+ 63. Qg3 Qh5+ 64. Kg1 Qd1+ 65. Kf2 Qd2+ 66. Kg1 Qd1+ 67. Kf2 Qd2+ 68. Kg1 Qd1+ $11) 56... Qg4+ 57. Kf2 Qf4+ 58. Kg1 Qg3+ 59. Qg2 Qe1+ 60. Qf1 Qg3+ 61. Kh1 Qh4+ 62. Kg1 Qg4+ 63. Qg2 Qd1+ 64. Kf2 Qc2+ 65. Kg3 Qg6+ 66. Kf3 Qc6+ 67. Kg3 Qg6+ 68. Kf3 Qc6+ 69. Kf2 Qc2+ 70. Kf3 Qc6+) 46. Kh3 $2 (46. Qf7 Rd2+ 47. Kh3 Rh2+ 48. Kxh2 Qe2+ 49. Kh3 Qf1+ 50. Qxf1 Kg8 51. Qf7+ Kh8 52. Qxh7#) 46... Qe6+ $2 (46... Rg8 47. Rb6 a5) 47. g4 $18 Qe5 48. Rf7 (48. h6 $142 Qd4 49. Re7) 48... Kg8 49. Rf5 Qd4 (49... Qg7 $142 50. Qe3 h6 51. Qe6+ Kh8) 50. Qb3+ (50. Kh4 $142 Qd6 51. Qb3+ Kh8 52. Qc3+ Qd4 53. Qxd4+ Rxd4 54. h6) 50... Kh8 51. Rf3 (51. Qa3 $18 {has better winning chances.} Qd6 52. Qc3+ Qd4 53. Qxd4+ Rxd4 54. Ra5) 51... Rg8 $2 (51... Qg1 $16) 52. Qe6 Rd8 53. h6 Rg8 54. Qf5 Qa1 55. Rf1 Qc3+ 56. Rf3 (56. Kh4 $142 Qd4 57. Qf6+ Qxf6+ 58. Rxf6 Ra8 59. g5 a5 60. a4 Kg8 61. Rc6) 56... Qa1 $1 57. Rf1 Qc3+ 58. Kh2 $2 ({White should try} 58. Kh4 $18 {White threatens g5 and mate.} Qd4 59. Qf6+ Qxf6+ 60. Rxf6) 58... Qb2+ $2 {[%mdl 8192]} (58... Qd2+ $11 59. Kg3 Qe3+ 60. Qf3 Qxh6) 59. Rf2 Qc3 60. g5 (60. Qf4 $142 a5 61. g5 a4 62. Qf6+ Qxf6 63. gxf6 Rg6 64. f7 Rxh6+ 65. Kg3 Rg6+ 66. Kh4) 60... a5 61. a4 $2 (61. Qf6+ {mates} Qxf6 62. gxf6 Rg6 63. f7 Rxh6+ 64. Kg2 Rg6+ 65. Kh3 Rg8 66. fxg8=R+ Kxg8 67. a4) 61... Qc7+ $2 {[%mdl 8192]} (61... Rxg5 $11 62. Qf8+ (62. Qxg5 Qg3+ 63. Kxg3 $11) 62... Rg8 63. Qf6+ Qxf6 64. Rxf6 Ra8) 62. Kh3 {White wants to mate with Qf6+.} Qc3+ 63. Rf3 Qa1 {[#]} 64. Qf6+ $2 (64. Rf1 $1 $18 {[%cal Rf1a1]} Qd4 {[#]} 65. Rd1 $1 {[%mdl 512]} (65. Qxa5 Qd3+ 66. Kg4 Qe2+ 67. Rf3 Qg2+ 68. Rg3 Qe2+ 69. Kh3 Qh5+ 70. Kg2 Qe2+ 71. Kg1 Rc8 $11) 65... Qc3+ 66. Kg4) 64... Qxf6 $11 65. gxf6 {[%cal Bg5f6,Bf6f7][%mdl 32] Re3 would kill now.} Rb8 $2 {[%mdl 8192]} (65... Rg1 $11) 66. f7 Rf8 67. Kh4 {Precision: White = 31%, Black = 20%.} 1-0

[Event "FIDE WCC 2018"]
[Site "Khanty-Mansiysk"]
[Date "2018.11.11"]
[Round "3.9"]
[White "Lagno, Kateryna"]
[Black "Pogonina, Natalija"]
[Result "1-0"]
[WhiteElo "2556"]
[BlackElo "2465"]
[Annotator "TA"]
[PlyCount "114"]
[EventDate "2018.11.03"]
[EventType "k.o."]
[EventCountry "RUS"]
[SourceTitle "playchess.com"]
[Source "ChessBase"]
[SourceQuality "1"]

{[%evp 24,114,35,15,34,37,27,12,29,12,6,-11,63,33,15,-4,16,12,22,24,22,6,9,-26,11,0,8,0,9,12,16,12,35,22,12,20,56,52,58,47,98,81,92,61,56,18,52,41,52,0,5,1,88,0,0,0,0,-113,-106,-128,-116,-134,-125,-114,-112,-116,-68,-49,-54,-68,-61,-47,31,35,325,331,331,319,655,347,654,641,637,656,634,595,2498,2049,29985,29986,29986,29982,29976]} 1. e4 e5 2. Nf3 Nc6 3. Bb5 a6 4. Ba4 Nf6 5. O-O Be7 6. Re1 b5 7. Bb3 d6 8. c3 O-O 9. h3 Nb8 10. d4 Nbd7 11. Nbd2 c5 12. Bc2 {C95: Closed Ruy Lopez: Breyer Variation with 10 d4} (12. Nf1 Re8 13. Ng3 Bf8 14. Bc2 cxd4 15. cxd4 exd4 16. Bf4 Bb7 17. Nxd4 g6 18. Qd2 Nc5 19. Bg5 Bg7 {½-½ (37) Karjakin,S (2760)-Kovalev,V (2664) Batumi 2018}) 12... cxd4 13. cxd4 {LiveBook: 4 Games} Bb7 14. d5 {[#] White is slightly better.} a5 $146 ({Predecessor:} 14... Qc7 15. Nb3 Rfc8 16. Bd3 Ne8 17. a4 f5 18. exf5 Nef6 19. Nfd4 bxa4 20. Nc6 Bxc6 21. dxc6 Qxc6 22. Nd4 Qb7 23. Ne6 e4 24. Bc2 d5 25. Re2 Nc5 {½-½ (25) Buecker,J (2529)-Sasikiran,K (2558) ICCF email 2017}) 15. Bd3 Ba6 16. a3 Nc5 17. Bf1 (17. Bc2 {is more complex.} a4 18. Nf1 g6 19. Ng3 Nfd7 20. Ne2) 17... b4 ({Better is} 17... a4 $11) 18. Bxa6 Nxa6 19. Nf1 Nd7 20. Ng3 g6 21. Bh6 Re8 22. Qe2 Nac5 23. Be3 Bf8 24. axb4 axb4 25. Qb5 b3 26. Nd2 Qb8 27. Qc4 Qb6 28. Rec1 Reb8 29. Ne2 Qb7 30. Nc3 Nb6 31. Qb5 Rxa1 (31... Nbd7 $1 $14 32. Qc6 f5) 32. Rxa1 $16 Nbd7 33. Qe2 Ra8 34. Qf1 Be7 35. Kh2 Kg7 36. g3 Rxa1 37. Qxa1 Qb4 (37... Nd3 $11) 38. Qa7 (38. Qa8 $16) 38... Bd8 $11 39. Kg2 Bb6 40. Qa3 (40. Qa8 $11 {keeps the balance.}) 40... Qxa3 $17 41. bxa3 Ba5 42. Ncb1 {[#]} Bxd2 $1 43. Nxd2 {[%mdl 4096] Endgame KBN-KNN} b2 {Threatens to win with ...Nxe4!} 44. Kf3 Nb3 45. Nb1 Ndc5 46. Ke2 Nxe4 47. Kd3 Nec5+ (47... f5 $15) 48. Kc3 $14 {[#]} Na5 $2 {[%mdl 8192]} (48... Nd4 $1 $14 {[%mdl 512]}) 49. Bxc5 $1 $18 dxc5 50. Kxb2 {KN-KN} Kf8 $2 (50... e4 51. Nd2 Kf6) 51. Kc3 Ke7 $2 (51... Nb7 52. Nd2 Nd6) 52. Nd2 f5 53. Nc4 Nb7 54. a4 {[%cal Ba3a4,Ba4a5,Ba5a6][%mdl 32]} e4 55. a5 Nd6 56. Nxd6 Kxd6 57. a6 Kc7 {Precision: White = 39%, Black = 35%.} 1-0